000 00311 a2200157 4500
001 160107
020 _a
040 _cMagnum
100 _aGaldino, Luiz
240 1 0 _aO planeta perfeito
_lpor
245 1 0 _aO planeta perfeito
362 0 _a1899
440 1 _aModerna
697 _aIJ/GERAL
942 _cBK
999 _c160107
_d160107